Catálogo
 En Linea

Raíz y esencia del partido dominicano / (Registro nro. 30883)

Detalles MARC
000 -CABECERA
campo de control de longitud fija 00507nam a2200157 a 4500
001 - NÚMERO DE CONTROL
campo de control 000031391
005 - FECHA Y HORA DE LA ÚLTIMA TRANSACCIÓN
campo de control 20200930062910.0
008 - DATOS DE LONGITUD FIJA--INFORMACIÓN GENERAL
campo de control de longitud fija 110620s1954 dr ac 000 | spa d
040 ## - FUENTE DE LA CATALOGACIÓN
Centro catalogador/agencia de origen DO-SdBNP
Lengua de catalogación spa
Centro/agencia transcriptor BNPHU
082 ## - NÚMERO DE LA CLASIFICACIÓN DECIMAL DEWEY
Número de clasificación xxx
Número de documento/Ítem P349r
049 ## - FONDOS LOCALES (OCLC)
Fondos de biblioteca BNPD
100 1# - ENTRADA PRINCIPAL--NOMBRE DE PERSONA
Nombre de persona Peña Roulet, Rafael de
9 (RLIN) 57809
245 10 - MENCIÓN DE TÍTULO
Título Raíz y esencia del partido dominicano /
Mención de responsabilidad, etc. Rafael de Peña Roulet.
260 ## - PUBLICACIÓN, DISTRIBUCIÓN, ETC.
Lugar de publicación, distribución, etc. Ciudad Trujillo, República Dominicana :
Nombre del editor, distribuidor, etc. Impresora Dominicana,
Fecha de publicación, distribución, etc. 1954.
300 ## - DESCRIPCIÓN FÍSICA
Extensión 32 p. :
Otras características físicas il., retrs. ;
Dimensiones 21 cm.
Existencias
Estado de retiro Estado de pérdida No para préstamo Código de colección Localización permanente Ubicación/localización actual Ubicación en estantería Fecha de adquisición Número de inventario Total de préstamos Signatura topográfica completa Código de barras Fecha visto por última vez Precio válido a partir de Tipo de ítem Koha Nota pública
      Patrimonio Dominicano Patrimonio Dominicano Patrimonio Dominicano Orden iniciada 20.06.2011 LF1   xxx P349r 31391-10 25.06.2020 25.06.2020 Libro y Folleto Colección Patrimonio Dominicano Perteneció a la biblioteca personal de Julio Ortega Frier. Dedicado.

Con tecnología Koha